[Event "33rd Leon Blitz Open 2020"]
[Site "chess.com INT"]
[Date "2020.07.14"]
[Round "2"]
[White "Sankalp, Gupta"]
[Black "Lugovskoy, Maxim"]
[Result "0-1"]
[WhiteTitle "IM"]
[BlackTitle "GM"]
[WhiteElo "2429"]
[BlackElo "2420"]
[WhiteFideId "5097010"]
[BlackFideId "24126454"]
[EventDate "2020.07.14"]
[EventType "blitz"]

1. e4 e6 2. d4 d5 3. Nd2 Nf6 4. e5 Nfd7 5. Bd3 c5 6. c3 Nc6 7. Ne2 cxd4 8. cxd4
f6 9. exf6 Qxf6 10. O-O Bd6 11. Nf3 h6 12. Nc3 O-O 13. Be3 Rf7 14. Rc1 Nf8 15.
Bb1 Bd7 16. Nb5 Bb8 17. a3 a6 18. Nc3 Be8 19. Na4 Bd6 20. Nc5 Rc7 21. Ne1 Rac8
22. b4 e5 23. dxe5 Nxe5 24. Ned3 Bg6 25. Nf4 Bxb1 26. Rxb1 d4 27. Qxd4 Nf3+ 28.
gxf3 Qxd4 29. Bxd4 Bxf4 30. Rfe1 Rf7 31. Rbd1 Ng6 32. Ne6 Nh4 33. Rd3 Re7 34.
Kf1 Rce8 35. Bxg7 Rxe6 36. Rxe6 Rxe6 37. Bc3 Bxh2 38. Rd7 b5 39. Rg7+ Kf8 40.
Rg4 Ng6 41. Kg2 Be5 42. Bd2 h5 43. Re4 Kf7 44. f4 Bxf4 45. Rxf4+ Nxf4+ 46. Bxf4
Re2 47. Kg3 Ra2 48. Bc1 Rc2 49. Be3 Rc3 50. Kh4 Kg6 51. Bc5 Rxa3 52. Bd6 Kf5 53.
Bc5 Rb3 54. Bd6 Rc3 55. Be7 Rc2 56. Kg3 Rb2 57. f3 Rb3 58. Bc5 h4+ 59. Kg2 Rd3
60. Bf8 h3+ 61. Kxh3 Rxf3+ 62. Kg2 Ke4 63. Bd6 Rc3 64. Kf2 Kd3 65. Be7 Kc4 66.
Ke2 Rb3 0-1

[Event "33rd Leon Blitz Open 2020"]
[Site "chess.com INT"]
[Date "2020.07.14"]
[Round "2"]
[White "Garcia Cardenas, Pablo"]
[Black "Srdanovic, Jovana"]
[Result "1-0"]
[WhiteTitle "IM"]
[BlackTitle "WFM"]
[WhiteElo "2422"]
[BlackElo "2070"]
[WhiteFideId "3406903"]
[BlackFideId "954810"]
[EventDate "2020.07.14"]
[EventType "blitz"]

1. d4 e6 2. c4 d5 3. Nc3 c6 4. e3 f5 5. b3 Nf6 6. Nf3 Bd6 7. g3 Nbd7 8. Bg2 Ne4
9. Nxe4 fxe4 10. Nd2 O-O 11. O-O e5 12. Bb2 exd4 13. Bxd4 Ne5 14. cxd5 cxd5 15.
f3 exf3 16. Nxf3 Bg4 17. Rc1 Kh8 18. Bxe5 Bxe5 19. Rc5 Bxf3 20. Rxf3 Qg5 21.
Rxd5 Rxf3 22. Qxf3 Re8 23. Bh3 h6 24. Bd7 Rd8 25. Kg2 Qe7 26. Qf5 Bf6 27. e4 Qb4
28. e5 Be7 29. Qf4 Qa3 30. Rd2 a5 31. Qg4 Qc5 32. Qe6 Qb4 33. Rf2 Qe4+ 34. Kh3
Qb4 35. Rf7 h5 36. Rxe7 Rf8 37. Re8 Kh7 38. Rxf8 Qxf8 39. Qf5+ Qxf5+ 40. Bxf5+
g6 41. Bd7 1-0

[Event "33rd Leon Blitz Open 2020"]
[Site "chess.com INT"]
[Date "2020.07.14"]
[Round "2"]
[White "Tang, Andrew"]
[Black "Leenhouts, Koen"]
[Result "0-1"]
[WhiteTitle "GM"]
[BlackTitle "IM"]
[WhiteElo "2538"]
[BlackElo "2414"]
[WhiteFideId "2059630"]
[BlackFideId "1008439"]
[EventDate "2020.07.14"]
[EventType "blitz"]

1. d4 Nf6 2. c4 g6 3. f3 c5 4. d5 d6 5. e4 Bg7 6. Nc3 e6 7. Nge2 exd5 8. cxd5
O-O 9. Ng3 a6 10. a4 Nbd7 11. Be2 Qa5 12. O-O b5 13. Bg5 b4 14. Nb1 Ne5 15. Nd2
h6 16. Be3 h5 17. h3 Qc7 18. Rc1 a5 19. f4 Ned7 20. Qc2 h4 21. Nh1 Re8 22. Nf2
Nxd5 23. exd5 Rxe3 24. Nc4 Re8 25. f5 Ne5 26. fxg6 fxg6 27. Nxe5 Rxe5 28. Ng4
Bf5 29. Bd3 Bxg4 30. hxg4 Qd7 31. Bxg6 Qxg4 32. Bf5 Qg5 33. Be6+ Kh8 34. Rf3 Rf8
35. Rxf8+ Bxf8 36. Rf1 Bg7 37. Kh1 Re3 38. Qf2 h3 39. Bxh3 Rxh3+ 40. gxh3 Qxd5+
41. Qg2 Qxg2+ 42. Kxg2 Bxb2 43. Kf3 d5 44. Ke3 c4 45. Rf5 d4+ 46. Kd2 b3 47.
Rxa5 Bc3+ 0-1

[Event "33rd Leon Blitz Open 2020"]
[Site "chess.com INT"]
[Date "2020.07.14"]
[Round "2"]
[White "Leiva, Giuseppe"]
[Black "Trickov, Vasil"]
[Result "1-0"]
[WhiteTitle "IM"]
[BlackTitle "IM"]
[WhiteElo "2391"]
[BlackElo "2302"]
[WhiteFideId "3804399"]
[BlackFideId "311103"]
[EventDate "2020.07.14"]
[EventType "blitz"]

1. d4 d5 2. Nf3 Nf6 3. c4 c6 4. e3 Bf5 5. Nc3 e6 6. Nh4 Bg4 7. Qb3 Qb6 8. h3 Bh5
9. g4 Bg6 10. Nxg6 hxg6 11. Bg2 Nbd7 12. g5 Nh5 13. h4 Be7 14. Bd2 f6 15. Qc2 f5
16. Ne2 O-O 17. Bf3 Bb4 18. O-O-O Bxd2+ 19. Rxd2 Qa6 20. Bxh5 gxh5 21. Nf4 Qxa2
22. Nxe6 Qa1+ 23. Qb1 Qxb1+ 24. Kxb1 Rf7 25. cxd5 cxd5 26. Rc1 Nb6 27. Nf4 Re7
28. Nxh5 Re4 29. Nf4 Nc4 30. Rd3 Rd8 31. b3 Na5 32. Rdc3 Nc6 33. Kb2 Nxd4 34.
Rc8 Rxc8 35. Rxc8+ Kf7 36. Rc7+ Ke8 37. Rxg7 Nc6 38. h5 d4 39. h6 dxe3 40. h7
Kd8 41. h8=Q+ Re8 42. Ne6+ Kc8 43. Qxe8+ 1-0

[Event "33rd Leon Blitz Open 2020"]
[Site "chess.com INT"]
[Date "2020.07.14"]
[Round "2"]
[White "Klekowski, Maciej"]
[Black "Sevian, Samuel"]
[Result "0-1"]
[WhiteTitle "GM"]
[BlackTitle "GM"]
[WhiteElo "2506"]
[BlackElo "2660"]
[WhiteFideId "1132717"]
[BlackFideId "2040506"]
[EventDate "2020.07.14"]
[EventType "blitz"]

1. e4 c5 2. Nf3 Nc6 3. c3 Nf6 4. e5 Nd5 5. d4 cxd4 6. cxd4 d6 7. Bc4 Nb6 8. Bb5
dxe5 9. Nxe5 Bd7 10. Bxc6 Bxc6 11. Nxc6 bxc6 12. O-O e6 13. Nc3 Be7 14. Qg4 O-O
15. Bh6 Bf6 16. Rad1 Kh8 17. Bf4 Nd5 18. Be5 Bxe5 19. dxe5 Qb6 20. Na4 Qc7 21.
Rfe1 Rab8 22. a3 Qa5 23. Re4 f5 24. exf6 Nxf6 25. Qe2 Nxe4 26. Qxe4 Qf5 27. Qe2
Rbd8 28. Re1 Rd5 29. h3 h6 30. Nc3 Rd4 31. Qe3 Rd3 32. Qxa7 Rd2 33. Ne4 Rxb2 34.
Re3 Qf7 35. Qd4 Rb1+ 36. Kh2 Rb5 37. Rg3 Rd5 38. Qc3 Qc7 39. Nc5 Rf6 40. Kg1
Rd1+ 41. Kh2 Rg6 42. a4 Rd5 43. a5 Rxg3 44. fxg3 Qe5 45. Qxe5 Rxe5 46. Nb7 Re1
47. a6 Ra1 48. Nc5 Ra5 49. Nxe6 Rxa6 50. g4 Kg8 51. Kg3 Kf7 52. Nc5 Ra5 53. Nb7
Rd5 54. Kf4 Ke6 55. Ke4 Kd7 0-1

[Event "33rd Leon Blitz Open 2020"]
[Site "chess.com INT"]
[Date "2020.07.14"]
[Round "2"]
[White "Plat, Vojtech"]
[Black "Tsvetkov, Andrey"]
[Result "1-0"]
[WhiteTitle "GM"]
[BlackTitle "FM"]
[WhiteElo "2562"]
[BlackElo "2358"]
[WhiteFideId "325740"]
[BlackFideId "34139360"]
[EventDate "2020.07.14"]
[EventType "blitz"]

1. e4 c5 2. Nf3 d6 3. c3 Nf6 4. Bc4 Nc6 5. Qe2 a6 6. d4 b5 7. Bb3 e5 8. dxc5
dxc5 9. Bg5 c4 10. Bc2 Be7 11. a4 Bb7 12. O-O O-O 13. Rd1 Qb6 14. Nbd2 h6 15.
Be3 Bc5 16. Bxc5 Qxc5 17. Nf1 b4 18. Ne3 b3 19. Bb1 Na5 20. Nd5 Bxd5 21. exd5 e4
22. Nd2 Rfe8 23. Bxe4 Rad8 24. Qf3 Nb7 25. Re1 Nd6 26. Rad1 a5 27. h3 Rd7 28.
Bb1 Rde7 29. Rxe7 Rxe7 30. Nf1 Re5 31. Ne3 Nd7 32. Rd4 g6 33. Kh2 h5 34. Qf4 Re8
35. g4 hxg4 36. Nxg4 Re1 37. Bxg6 fxg6 38. Qh6 Qc7 39. Qxg6+ Kh8 40. Rf4 Ne4 41.
Qe8+ Kg7 42. Qf7+ Kh8 43. Qe8+ Kg7 44. Qe7+ Kh8 45. Qh4+ Kg8 46. Nh6+ Kg7 47.
Nf5+ Kg6 48. d6 Nxd6 49. Qh6+ Kf7 50. Nxd6+ Ke7 51. Rf7+ Kd8 52. Qh8+ 1-0

[Event "33rd Leon Blitz Open 2020"]
[Site "chess.com INT"]
[Date "2020.07.14"]
[Round "2"]
[White "Orozbaev, Eldiar"]
[Black "Anton Guijarro, David"]
[Result "0-1"]
[WhiteTitle "CM"]
[BlackTitle "GM"]
[WhiteElo "1973"]
[BlackElo "2703"]
[WhiteFideId "13802240"]
[BlackFideId "2285525"]
[EventDate "2020.07.14"]
[EventType "blitz"]

1. e4 e5 2. Nf3 Nc6 3. Bc4 Bc5 4. O-O Nf6 5. d4 Bxd4 6. Nxd4 Nxd4 7. f4 d6 8.
fxe5 dxe5 9. Bg5 Qe7 10. Na3 Bd7 11. c3 Ne6 12. Bxf6 gxf6 13. Kh1 Rg8 14. Qf3
Rg6 15. Rad1 O-O-O 16. Qe3 Kb8 17. Rd2 a6 18. Rfd1 Rgg8 19. Nc2 Bc8 20. Nb4 Rxd2
21. Rxd2 Rd8 22. Nd5 Qc5 23. Qe2 c6 24. Ne3 Rxd2 25. Qxd2 Ng5 26. Qd3 Kc7 27. b4
Qd6 28. Qc2 Qd8 29. h4 Ne6 30. Nf5 Nf4 31. g3 Bxf5 32. exf5 Nd5 33. Qd3 Qd7 34.
Kh2 Kd8 35. a4 b5 36. Bb3 Ke7 37. axb5 axb5 38. c4 Nb6 39. Qxd7+ Nxd7 40. c5 Nb8
41. g4 h6 42. Kg3 Na6 43. Kf3 Nxb4 44. g5 fxg5 45. Kg4 f6 46. Kh5 Na6 47. Bd1
Nxc5 48. hxg5 hxg5 49. Kg6 0-1

[Event "33rd Leon Blitz Open 2020"]
[Site "chess.com INT"]
[Date "2020.07.14"]
[Round "2"]
[White "Pon, Matt"]
[Black "Galiana Salom, Juan Ramon"]
[Result "1-0"]
[WhiteTitle "FM"]
[BlackTitle "FM"]
[WhiteElo "2185"]
[BlackElo "2248"]
[WhiteFideId "14301644"]
[BlackFideId "2203081"]
[EventDate "2020.07.14"]
[EventType "blitz"]

1. e4 e6 2. d3 d5 3. Nd2 c5 4. Ngf3 Bd6 5. g3 Nc6 6. Bg2 Nge7 7. O-O O-O 8. Nh4
f5 9. f4 dxe4 10. dxe4 Bc7 11. c3 b6 12. Qe2 a5 13. Rd1 Ba6 14. Qe1 Qc8 15. Nhf3
Ra7 16. Bf1 Bxf1 17. Nxf1 Bb8 18. Be3 Rd7 19. Rxd7 Qxd7 20. Rd1 Qc8 21. Bf2 h6
22. Qe2 Rd8 23. Rxd8+ Qxd8 24. exf5 exf5 25. Qe6+ Kh7 26. Ne3 Qd3 27. Nh4 Qe4
28. Qf7 Qb1+ 29. Kg2 Qe4+ 30. Kh3 Nd8 31. Qe8 Ndc6 32. Nhxf5 Qf3 33. Nxe7 Nxe7
34. Qxe7 Qxf2 35. Qe4+ Kh8 36. Qe8+ Kh7 37. Nf5 Qf1+ 38. Kh4 Qf2 39. h3 Bxf4 40.
Qe4 Bg5+ 41. Kg4 Kh8 42. h4 Bf6 43. Kh5 Qxb2 44. Kg6 Qxa2 45. Nxh6 Qb3 46. Qe8+ 1-0

[Event "33rd Leon Blitz Open 2020"]
[Site "chess.com INT"]
[Date "2020.07.14"]
[Round "2"]
[White "Nguyen, Hong Anh"]
[Black "Jobava, Baadur"]
[Result "1/2-1/2"]
[WhiteTitle "WIM"]
[BlackTitle "GM"]
[WhiteElo "1970"]
[BlackElo "2603"]
[WhiteFideId "12406732"]
[BlackFideId "13601520"]
[EventDate "2020.07.14"]
[EventType "blitz"]

1. d4 d5 2. c4 c6 3. Nf3 Nf6 4. Qc2 a6 5. g3 Bg4 6. Bg2 e6 7. O-O Nbd7 8. Nbd2
Bf5 9. Qb3 b5 10. cxb5 axb5 11. Nh4 Bg6 12. Nxg6 hxg6 13. e4 Nb6 14. Re1 Be7 15.
Qc2 Rc8 16. b3 O-O 17. a4 dxe4 18. Nxe4 Qxd4 19. Be3 Qd8 20. axb5 cxb5 21. Qe2
b4 22. Qb5 Nfd5 23. Rad1 Qe8 24. Qa6 Nxe3 25. Rxe3 Nd5 26. Nd6 Bxd6 27. Bxd5 Bc5
28. Ree1 Qe7 29. Kg2 Bxf2 30. Rxe6 fxe6 31. Bxe6+ Qxe6 32. Qxe6+ Kh7 33. Rd6 Bc5
34. Qxg6+ Kh8 35. Rd7 Rf2+ 36. Kh3 Bf8 37. Qh5+ Kg8 38. Qd5+ Kh8 39. Qh5+ Kg8
40. Rd4 Rc5 41. Qe8 Rf6 42. Rh4 Rcc6 43. Qd8 Rcd6 44. Qb8 Rb6 45. Qa8 Rh6 46.
Qd5+ Kh8 47. Qf7 Rxh4+ 48. Kxh4 Rf6 49. Qe8 Kg8 50. Kg4 Rd6 51. Qb8 Rf6 52. h4
Kh7 53. Kh3 Bd6 54. Qb5 Bf8 55. g4 Rf3+ 56. Kg2 Rc3 57. g5 g6 58. Qd7+ Kh8 59.
Qe8 Kh7 60. Qxf8 Rg3+ 61. Kf2 Rg2+ 62. Ke1 Re2+ 63. Kf1 Re1+ 64. Kg2 Rg1+ 65.
Kh2 Rg2+ 66. Kh1 Rg1+ 67. Kxg1 1/2-1/2

[Event "33rd Leon Blitz Open 2020"]
[Site "chess.com INT"]
[Date "2020.07.14"]
[Round "2"]
[White "Matveev, Vladimir3"]
[Black "Melian, Juan Sebastian"]
[Result "1-0"]
[WhiteTitle "FM"]
[BlackTitle "CM"]
[WhiteElo "2368"]
[BlackElo "1950"]
[WhiteFideId "24130753"]
[BlackFideId "3706575"]
[EventDate "2020.07.14"]
[EventType "blitz"]

1. d4 Nf6 2. c4 e6 3. Nf3 Bb4+ 4. Bd2 a5 5. g3 O-O 6. Bg2 d5 7. Qc2 c5 8. dxc5
d4 9. Bxb4 axb4 10. a3 Nc6 11. O-O Qe7 12. Nbd2 bxa3 13. Nb3 a2 14. Nfxd4 Nxd4
15. Nxd4 Qxc5 16. Qc3 e5 17. Nb3 Qc7 18. Nc1 Be6 19. b3 Ra3 20. Qb2 Rfa8 21.
Rxa2 Rxa2 22. Nxa2 Qa5 23. Nc3 Qb4 24. Qc2 Ra3 25. Rb1 g6 26. Nb5 Ra8 27. Bxb7
Rd8 28. Rd1 Rb8 29. Bg2 Rc8 30. Nd6 Rc7 31. Ne4 Nd7 32. Qc3 Qa3 33. Ra1 Qe7 34.
Ra8+ Kg7 35. h4 h6 36. Qd2 Nb6 37. Ra6 Nd7 38. Qd6 Qd8 39. Rc6 Rb7 40. Nc5 Ra7
41. Nxe6+ fxe6 42. Qxe6 Nf8 43. Qd6 Qa5 44. Kh2 Kg8 45. Qxe5 Rf7 46. Qxa5 1-0

[Event "33rd Leon Blitz Open 2020"]
[Site "chess.com INT"]
[Date "2020.07.14"]
[Round "2"]
[White "Bjerre, Jonas Buhl"]
[Black "Djokic, Mihailo"]
[Result "1-0"]
[WhiteTitle "GM"]
[BlackTitle "FM"]
[WhiteElo "2549"]
[BlackElo "2232"]
[WhiteFideId "1444948"]
[BlackFideId "976440"]
[EventDate "2020.07.14"]
[EventType "blitz"]

1. d4 Nf6 2. c4 g6 3. Nc3 Bg7 4. e4 d6 5. Nf3 O-O 6. Be2 e5 7. O-O Nc6 8. dxe5
dxe5 9. Bg5 Qxd1 10. Rfxd1 Bg4 11. h3 Bxf3 12. Bxf3 Nd4 13. Nd5 Nxd5 14. cxd5
Nxf3+ 15. gxf3 f5 16. Rac1 Rf7 17. Be3 Bf8 18. Rd3 Bd6 19. Rb3 b6 20. Kf1 Kg7
21. Ke2 Raf8 22. Rbc3 a5 23. Rc6 Rd7 24. b3 Ra8 25. a4 Rf8 26. R1c4 Rb8 27. Bd2
Rf8 28. Bc1 Rdf7 29. Be3 Rb8 30. Rc1 Rd8 31. Kd3 Rb8 32. Kc4 fxe4 33. fxe4 Rf3
34. Kb5 Rxh3 35. Rxc7+ Bxc7 36. Rxc7+ Kf6 37. d6 Ke6 38. Kc6 Rd8 39. Re7+ Kf6
40. Kc7 Rxd6 41. Kxd6 h5 42. Re6+ Kg7 43. Kxe5 Rf3 44. Re7+ Kf8 45. Rh7 Kg8 46.
Rc7 h4 47. Bd4 h3 48. Ke6 h2 49. Rg7+ Kf8 50. Rh7 Rf4 51. Rh8# 1-0

[Event "33rd Leon Blitz Open 2020"]
[Site "chess.com INT"]
[Date "2020.07.14"]
[Round "2"]
[White "Albuquerque Junior, Wellington S."]
[Black "Pham, Le Thao Nguyen"]
[Result "0-1"]
[BlackTitle "IM"]
[WhiteElo "2209"]
[BlackElo "2366"]
[WhiteFideId "2151480"]
[BlackFideId "12401226"]
[EventDate "2020.07.14"]
[EventType "blitz"]

1. d4 d5 2. Nc3 Nf6 3. Bg5 Bf5 4. e3 Nbd7 5. Bd3 Bg6 6. Nge2 c6 7. O-O e6 8.
Bxg6 hxg6 9. e4 dxe4 10. Nxe4 Be7 11. Nxf6+ Bxf6 12. Bxf6 Nxf6 13. c3 Qc7 14.
Ng3 O-O-O 15. b4 Qf4 16. b5 c5 17. Qc1 Qh4 18. h3 cxd4 19. cxd4+ Kb8 20. b6 axb6
21. a4 Rd5 22. a5 bxa5 23. Qc3 Qxd4 24. Qxd4 Rxd4 25. Rxa5 Rhd8 26. Kh2 Rd1 27.
Rxd1 Rxd1 28. f3 Rd2 29. Nf1 Re2 30. Ng3 Rb2 31. Nf1 Nd5 32. Ng3 Nf4 33. Ne4
Rxg2+ 34. Kh1 Rc2 35. Nd6 f6 36. Rb5 Rc7 37. h4 e5 38. Ne4 Rc1+ 39. Kh2 Rc2+ 40.
Kg1 Kc7 41. Kf1 Kc6 42. Rb1 b5 43. h5 gxh5 44. Ng3 h4 45. Nf5 h3 46. Kg1 Ne2+
47. Kh1 g6 48. Ne7+ Kd7 49. Nxg6 Ng3+ 50. Kg1 h2# 0-1

[Event "33rd Leon Blitz Open 2020"]
[Site "chess.com INT"]
[Date "2020.07.14"]
[Round "2"]
[White "Demin, Vladimir"]
[Black "Murzin, Volodar"]
[Result "0-1"]
[WhiteTitle "IM"]
[BlackTitle "IM"]
[WhiteElo "2430"]
[BlackElo "2465"]
[WhiteFideId "4167457"]
[BlackFideId "44155573"]
[EventDate "2020.07.14"]
[EventType "blitz"]

1. e4 c6 2. d4 d5 3. e5 Bf5 4. Ne2 e6 5. Ng3 Bg6 6. h4 h6 7. h5 Bh7 8. Bd3 Bxd3
9. cxd3 Ne7 10. O-O Nd7 11. Be3 c5 12. dxc5 Nxe5 13. f4 N5c6 14. d4 Qd7 15. Nc3
g6 16. hxg6 fxg6 17. Nb5 Nf5 18. Nxf5 exf5 19. Re1 Kf7 20. Qb3 Rd8 21. Bf2 a6
22. a4 g5 23. Nd6+ Bxd6 24. Qxd5+ Kg7 25. cxd6 Qxd6 26. Qxf5 Rhf8 27. Qc2 Qxf4
28. Rad1 Rd5 29. Re4 Qf5 30. Rde1 Rf7 31. R1e2 a5 32. Qc4 Nb4 33. Re5 Rxe5 34.
dxe5 Qd3 35. Qxd3 Nxd3 36. Bd4 Re7 37. Re3 Nf4 38. g3 Nd5 39. Re2 Kf7 40. Kf2
Ke6 41. Kf3 h5 42. Ke4 Rf7 43. Rc2 h4 44. gxh4 Rf4+ 45. Kd3 Nb4+ 46. Kc3 Nxc2
47. hxg5 Nxd4 0-1

[Event "33rd Leon Blitz Open 2020"]
[Site "chess.com INT"]
[Date "2020.07.14"]
[Round "2"]
[White "Sammed Jaykumar, Shete"]
[Black "Vitiugov, Nikita"]
[Result "0-1"]
[WhiteTitle "IM"]
[BlackTitle "GM"]
[WhiteElo "2412"]
[BlackElo "2722"]
[WhiteFideId "5073421"]
[BlackFideId "4152956"]
[EventDate "2020.07.14"]
[EventType "blitz"]

1. e4 c5 2. Nf3 e6 3. d4 cxd4 4. Nxd4 a6 5. c4 Nf6 6. Nc3 Qc7 7. Be2 b6 8. f4
Bb7 9. Bf3 d6 10. Be3 Nbd7 11. O-O Be7 12. Rc1 Rc8 13. b3 g6 14. f5 e5 15. Nd5
Qd8 16. Ne2 Bxd5 17. cxd5 gxf5 18. Nc3 f4 19. Bf2 b5 20. a4 b4 21. Na2 a5 22.
Qd3 Nc5 23. Qb1 Rg8 24. Rc4 Nfd7 25. Nc1 Bh4 26. Bxc5 Rxc5 27. Rxc5 Nxc5 28. Nd3
Qb6 29. Kh1 Ke7 30. Rc1 Nxd3 31. Qxd3 Bf2 32. Rc6 Qd4 33. Qb1 Qd2 34. Rc7+ Kf6
35. Rc6 Bc5 36. h3 Qe3 37. Qd1 Rg3 38. Rc8 Kg7 39. Rc7 h5 40. Rc6 Kf6 41. Rc7
Qf2 42. Rc8 Qe3 43. Rh8 Kg7 44. Rxh5 Qf2 45. Rf5 Bb6 46. Rh5 f6 47. Rf5 Bc5 48.
Rh5 Bd4 49. Rf5 Kg6 50. Rh5 Rxf3 0-1

[Event "33rd Leon Blitz Open 2020"]
[Site "chess.com INT"]
[Date "2020.07.14"]
[Round "2"]
[White "Gimenez Aguirre, Alejo Ismael"]
[Black "Svane, Frederik"]
[Result "0-1"]
[WhiteTitle "IM"]
[BlackTitle "FM"]
[WhiteElo "2265"]
[BlackElo "2421"]
[WhiteFideId "32041667"]
[BlackFideId "12923044"]
[EventDate "2020.07.14"]
[EventType "blitz"]

1. e4 c5 2. Nf3 e6 3. d4 cxd4 4. Nxd4 a6 5. c4 Nf6 6. Nc3 Qc7 7. a3 b6 8. Be3
Bb7 9. f3 d6 10. Rc1 Nbd7 11. Be2 Rc8 12. Qd2 Qb8 13. O-O Be7 14. b4 Bd8 15. Kh1
h5 16. Bf2 h4 17. Rfd1 Bc7 18. Qg5 d5 19. cxd5 Bf4 20. Qxg7 Rh7 21. Qxh7 Nxh7
22. dxe6 fxe6 23. Rc2 Nhf8 24. Bxh4 Bxh2 25. f4 Kf7 26. Kxh2 Qxf4+ 27. Bg3 Qh6+
28. Kg1 Qg5 29. Rf1+ Kg8 30. Bf4 Qg7 31. Be3 Nf6 32. Rf4 Rc7 33. Rh4 Kf7 34. Bd3
Ng4 35. Rxg4 Qxg4 36. Rf2+ Ke8 37. Nce2 Rh7 38. Rf4 Qh5 39. Kf2 e5 40. Rf5 Qh4+
41. Kf3 exd4 42. Nxd4 Rg7 43. Ke2 Rxg2+ 44. Bf2 Qg4+ 45. Ke3 Nd7 46. Nf3 Qg7 47.
Bh4 Qh6+ 48. Bg5 Qe6 49. Nd2 Rg3+ 50. Kd4 Rxd3+ 51. Kxd3 Bxe4+ 52. Nxe4 Qxf5 53.
Be3 Nf6 0-1

[Event "33rd Leon Blitz Open 2020"]
[Site "chess.com INT"]
[Date "2020.07.14"]
[Round "2"]
[White "Melkumyan, Hrant"]
[Black "Kotsur, Pavel"]
[Result "1-0"]
[WhiteTitle "GM"]
[BlackTitle "GM"]
[WhiteElo "2663"]
[BlackElo "2517"]
[WhiteFideId "13302485"]
[BlackFideId "13700278"]
[EventDate "2020.07.14"]
[EventType "blitz"]

1. d4 Nf6 2. c4 e6 3. Nf3 d5 4. Nc3 Bb4 5. Bg5 h6 6. Bxf6 Qxf6 7. e3 O-O 8. Qb3
c5 9. cxd5 exd5 10. dxc5 Nc6 11. Be2 Be6 12. O-O d4 13. Nd5 Bxd5 14. Qxd5 dxe3
15. a3 Rad8 16. Qc4 Bd2 17. b4 exf2+ 18. Kh1 Be3 19. Rab1 Rfe8 20. b5 Nd4 21.
Nxd4 Rxd4 22. Qc3 Bd2 23. Qf3 Rf4 24. Qd3 Rd8 25. Qc2 Rh4 26. h3 Qf4 27. Rb3 Qe5
28. Bf3 Be3 29. c6 b6 30. Rbb1 Bc5 31. Rbd1 Rhd4 32. Rxd4 Rxd4 33. Qxf2 Bd6 34.
g3 Rd3 35. Qg2 Qxg3 36. Qxg3 Bxg3 37. Kg2 Bd6 38. Re1 Kf8 39. Bg4 g6 40. Bd7 f5
41. Re8+ Kf7 42. a4 g5 43. Ra8 Rd2+ 44. Kf1 f4 45. Rxa7 Kf6 46. c7 Bxc7 47. Rxc7
h5 48. Rc6+ Ke5 49. Re6+ Kd5 50. Rg6 f3 51. Bc6+ Ke5 52. Bxf3 Kf4 53. Bxh5 Ra2 1-0

[Event "33rd Leon Blitz Open 2020"]
[Site "chess.com INT"]
[Date "2020.07.14"]
[Round "2"]
[White "Visakh, N R"]
[Black "Petkov, Momchil"]
[Result "0-1"]
[WhiteTitle "GM"]
[BlackTitle "FM"]
[WhiteElo "2516"]
[BlackElo "2315"]
[WhiteFideId "25012223"]
[BlackFideId "2921642"]
[EventDate "2020.07.14"]
[EventType "blitz"]

1. e4 c5 2. Nf3 d6 3. Bb5+ Nd7 4. O-O a6 5. Bxd7+ Bxd7 6. Re1 Nf6 7. c3 e6 8. d4
cxd4 9. cxd4 d5 10. exd5 Nxd5 11. Nc3 Nxc3 12. bxc3 Be7 13. Ne5 O-O 14. Qf3 Qc7
15. Bf4 Bc6 16. Qg3 Qd8 17. Bh6 Bf6 18. h4 Kh8 19. Bg5 Rc8 20. Re3 Qd5 21. Rae1
Bxe5 22. dxe5 Qxa2 23. Rd3 Bd5 24. h5 h6 25. Bd2 Rc4 26. Be3 Re4 27. Rd4 Qc2 28.
Rxe4 Qxe4 29. f3 Qf5 30. Qh4 Rc8 31. Bd4 Qg5 32. Qxg5 hxg5 33. Kf2 a5 34. Ra1
Ra8 35. Be3 g4 36. fxg4 a4 37. Bc5 b5 38. Ke3 Rc8 39. Kd4 Bxg2 40. g5 Bf3 41. h6
gxh6 42. gxh6 Kh7 43. Rf1 Bh5 44. Rb1 Rd8+ 45. Bd6 Be2 46. Rb2 Bc4 47. Rf2 Rd7
48. Kc5 a3 49. Kc6 Ra7 50. Bxa3 Rxa3 51. Rxf7+ Kxh6 52. Rf3 Kg5 53. Kc5 Kg4 0-1

[Event "33rd Leon Blitz Open 2020"]
[Site "chess.com INT"]
[Date "2020.07.14"]
[Round "2"]
[White "Praveen, Kumar C"]
[Black "Chernikov, Vladimir"]
[Result "1-0"]
[WhiteTitle "IM"]
[BlackTitle "FM"]
[WhiteElo "2158"]
[BlackElo "2231"]
[WhiteFideId "5007372"]
[BlackFideId "14112914"]
[EventDate "2020.07.14"]
[EventType "blitz"]

1. d4 Nf6 2. c4 e5 3. dxe5 Ng4 4. e6 dxe6 5. Qxd8+ Kxd8 6. Nc3 Nc6 7. f3 Nf6 8.
e4 Bc5 9. Bg5 h6 10. O-O-O+ Ke7 11. Bh4 g5 12. Bg3 Bd6 13. Nb5 Ne8 14. Nxd6 cxd6
15. Ne2 f5 16. exf5 exf5 17. Nc3 Be6 18. Bd3 f4 19. Bf2 Nf6 20. Rhe1 Ne5 21. Bf1
Rac8 22. b3 Kf7 23. Kb2 Rhd8 24. Bxa7 g4 25. fxg4 Bxg4 26. Be2 Bf5 27. Bd4 Rg8
28. Bf1 Nfg4 29. h3 Nh2 30. Bxe5 Nxf1 31. Bxf4 Rxg2+ 32. Re2 Rxe2+ 33. Nxe2 Re8
34. Nd4 Bxh3 35. Bxd6 Ne3 36. Rh1 Bg4 37. Rxh6 Nd1+ 38. Ka3 Ra8+ 39. Kb4 Rxa2
40. Rh7+ Kf6 41. Rxb7 Ne3 42. Bf4 Ng2 43. Rb6+ Kf7 44. Be5 Ne1 45. Rf6+ Ke7 46.
Nc6+ Kd7 47. Rd6+ Ke8 48. Bc3 Nd3+ 49. Rxd3 Bd7 50. Ne5 Be6 51. Rd2 Ra8 52. Nc6
Bd7 53. Nd4 Rb8+ 54. Nb5 Rb7 55. Rh2 Kf7 56. Kc5 Ke6 57. Rh6+ Ke7 58. b4 Bxb5
59. Rh7+ Ke6 60. Rxb7 1-0

[Event "33rd Leon Blitz Open 2020"]
[Site "chess.com INT"]
[Date "2020.07.14"]
[Round "2"]
[White "Suvrajit, Saha"]
[Black "Thipsay, Praveen M"]
[Result "0-1"]
[WhiteTitle "IM"]
[BlackTitle "GM"]
[WhiteElo "2198"]
[BlackElo "2376"]
[WhiteFideId "5002532"]
[BlackFideId "5000033"]
[EventDate "2020.07.14"]
[EventType "blitz"]

1. c4 g6 2. d4 Bg7 3. e4 d6 4. Nf3 Nf6 5. Nc3 O-O 6. Be2 e5 7. O-O Nc6 8. d5 Ne7
9. Ne1 Nd7 10. Be3 f5 11. f3 f4 12. Bf2 g5 13. a4 Rf6 14. a5 a6 15. Nd3 Ng6 16.
c5 Bf8 17. c6 Nb8 18. Nb4 Ne7 19. Rc1 bxc6 20. dxc6 Rh6 21. Kh1 Kh8 22. Ncd5 Be6
23. Nxe7 Qxe7 24. Nd5 Qf7 25. Bg1 Rg6 26. Qb3 g4 27. fxg4 h5 28. gxh5 Rg8 29.
Bf3 Bh6 30. Qb7 Nxc6 31. Qxc6 Rac8 32. b4 Bg4 33. Qc3 Qxh5 34. Bxg4 Qxg4 35. Qf3
Qg7 36. Rc2 c6 37. Nb6 Rc7 38. Rfc1 Qh7 39. Rxc6 Rcg7 40. Rxd6 Rxg2 41. Qxg2
Rxg2 42. Kxg2 Qxe4+ 43. Kf1 Qf3+ 44. Ke1 Qe4+ 45. Kd1 Qf3+ 46. Kc2 Qe4+ 47. Kb2
Qxb4+ 48. Ka2 Qxa5+ 49. Kb3 Qb5+ 50. Kc3 Bg7 51. Rd8+ Kh7 52. Rd7 e4+ 53. Bd4
Qxb6 54. Rxg7+ Kh6 0-1